000 00602nas a2200217 4500
001 BR8503555
003 BR-BrBNA
005 20231205090257.0
007 ta
008 230509b bl.|||p| |||| 00| 00por d
040 _aBR-BrBNA
_bpor
_cBiblioteca Nacional de Agricultura
041 _a(Pt)
072 _aL02
100 1 _aAssis, J.V. de
245 1 _aAlimentacao de cabras
650 _aCABRA
650 _aFORRAGEM
773 0 _tRevista dos Criadores (Brazil)
_xISSN 0034-9259
_g(Feb 1985), v. 54(661) p. 110-111
_wBR8503555
909 _a202311
_bLúcia
_c55
_dLúcia Elande
942 _2AGRIS
_n0
_cANA
999 _c117312
_d117312